000 00683nam a2200241Ia 4500
003 OSt
005 20220918212332.0
006 a|||||r|||| 00| 0
007 ta
008 220917b |||||||| |||| 00| 0 eng d
024 _a128,456
037 _cTextual
040 _aARTS
_cARTS
_beng
041 _2eng
_aeng
082 _aX::2360m243.N7, M0
100 _aAlagh Y K
_9123485
245 0 _aStructural analysis of Gujrat, Punjab, and Haryana economics
_b input-output study
260 _aDelhi
_bAllied Pub
_c1980
300 _axii,239p.
_ccm.
650 _aECONOMICS
942 _hX::2360m243.N7, M0
_cTEXL
_2CC
999 _c251594
_d251594